Responses for Show #1066 - Monday, April 3, 1989

Jim Tompkins-MacLaine game 3.

Contestants

[<< previous game]

Ken Kaplan, an analyst from Fort Myers, Florida

Judy Flanagan, an attorney from Lynn, Massachusetts

Jim Tompkins-MacLaine, a musician originally from Tiffin, Ohio (whose 2-day cash winnings total $21,201)

[next game >>]

Jeopardy! Round responses

THE 17th CENTURY
(Alex: Boy, was that an exciting one!)
HOUSEHOLD HINTS
ACTORS & ACTRESSES
(Alex: I'm losing it!)
TECHNOLOGY
THE GRAND CANYON
HYPNOTISM
(Alex: Something I desperately need!)
    $100 14
Thirty Years' War

Ken
    $100 11
ants

Ken
    $100 1
Three's Company

Judy
    $100 4
vacuum

Ken
    $100 8
Colorado

Jim
    $100 10
dentists

Jim
    $200 16
Louis XIV

Ken
    $200 13
getting hard

Jim
    $200 2
(Jim: Who was Micky Dolenz?)

Davy Jones

Jim
Triple Stumper
    $200 5
refrigerator car

Jim
    $200 9
Rhode Island

Ken
    $200 12
Sigmund Freud

Jim
    $800 15
(Ken: Accepting a crown?)
(Alex: He put the crown on his own head.)

crowning himself

Ken
    $300 3
Rita Hayworth

Ken
    $300 19
(Ken: What is Iran?)
(Judy: What is Saudi Arabia?)
(Alex: Minute to go.)

Israel

JudyKen
Triple Stumper
    $300 22
"Grand Canyon Suite"

Ken
    $300 23
remove his rib

Judy
    $400 17
(Ken: Who was Ivan the Terrible?)

Peter the Great

Ken
Triple Stumper
    $400 6
Betty White

Jim
    $400 20
go

Ken
    $400 24
[end-of-round signal sounds]

spiral

Judy
    $500 18
Roundheads

Triple Stumper
    $500 7
Sally Kirkland

Jim
    $500 21
sparkle (reflect)

Jim

Scores at the first commercial break (after clue 14):

Jim Judy Ken
$1,500 $100 $800

Scores at the end of the Jeopardy! Round:

Jim Judy Ken
$2,000 $500 $200

Double Jeopardy! Round responses

CONGRESS
CATS
ARTISTS
THE PLANETS
LITERATURE
"EX" MARKS THE SPOT
    $200 22
the Senate

Judy
    $200 12
Persian

Jim
    $200 13
(Jim: Who was Salvador Dali?)
(Judy: Who was Pablo Casals?)
(Ken: Who was Joan Miro?)

Pablo Picasso

JimJudyKen
Triple Stumper
    $200 6
Venus

Jim
    $200 2
play

Jim
    $200 7
Express Mail

Ken
    $400 23
speaker of the house

Judy
    $400 24
(Alex: Minute to go.)

Siamese

Jim
    $400 18
(Jim: Who was Van Gogh?)

Toulouse-Lautrec

JimKen
    $400 8
Planet X

Judy
    $400 3
"Casey at the Bat"

Judy
    $400 15
exorcise

Jim
    $500 28
[The end-of-round signal sounds.]

(2 of) age, residence & citizenship

Judy
    $600 25
calico

Judy
    $600 19
Claude

Jim
    $600 9
Uranus

Judy
    $600 1
e.e. cummings

Judy
    $600 14
exacta

Judy
    $800 26
Abyssinian

Judy
    $2,000 20
[The Little Fourteen-Year-Old Dancer]

Edgar Degas

Jim
    $800 10
Neptune

Judy
    $800 4
John Reed

Jim
    $800 16
Exchequer

Judy
    $1000 27
(Jim: What is an opossum?)

Maine coon

Jim
Triple Stumper
    $1000 21
The Moon and Sixpence

Ken
    $1000 11
Phobos

Judy
    $1000 5
Remembrance of Things Past

Ken
    $1000 17
"Excelsior"

Judy

Scores at the end of the Double Jeopardy! Round:

Jim Judy Ken
$5,200 $9,000 $2,600

[wagering suggestions for these scores]

Final Jeopardy! Round responses

WORLD AFFAIRS
KenWhat are the U.S., USSR and UK?
$2,500
JimWhat are the U.S., U.S.S.R and the U.K.?
$5,000
JudyWhat were the USSR, USA, and China?
$1,401
the U.S., U.S.S.R. & the U.K.

Final scores:

Jim Judy Ken
$10,200 $7,599 $5,100
3-day champion: $31,401 2nd place: Trip to Drake Hotel in New York City 3rd place: Maytag washer & dryer

Game dynamics:

Coryat scores:

Jim Judy Ken
$4,000 $9,100 $3,400
16 R
(including 1 DD),
4 W
17 R
(including 1 DD),
2 W
12 R,
4 W
(including 1 DD)

Combined Coryat: $16,500

[game clues] [game scores] [suggest correction]

Game tape date: 1988-12-12
The J! Archive is created by fans, for fans. Scraping, republication, monetization, and malicious use prohibited; this site may use cookies and collect identifying information. See terms. The Jeopardy! game show and all elements thereof, including but not limited to copyright and trademark thereto, are the property of Jeopardy Productions, Inc. and are protected under law. This website is not affiliated with, sponsored by, or operated by Jeopardy Productions, Inc. Join the discussion at JBoard.tv.